System of a Down - Chop Suey! Lyrics - Statistics

General Stats
  • This quiz has been taken 610 times
    531 since last reset
  • The average score is 28 of 31
Answer Stats
Answer % Correct
I cry when ___ deserve to die angels
97%
I cry when ___ deserve to die angels
97%
I cry when ___ deserve to die angels
97%
I cry when ___ deserve to die angels
97%
I cry when ___ deserve to die angels
97%
In my self-righteous ____ suicide
97%
In my self-righteous ___ suicide
97%
In my self-righteous ___ suicide
97%
Trust in my self-righteous ___ suicide
97%
In my self-righteous ___ suicide
97%
I don't think you ___ trust
95%
I don't think you ___ trust
95%
Wake up! Grab a ___ and put a little make-up brush
92%
Grab a ___ and put a little make-up, you wanted to brush
92%
Wake up! Grab a ___ and put a little make-up brush
92%
Grab a ___ and put a little make-up, you wanted to brush
92%
Why'd you leave the ___ upon the table? keys
90%
Why'd you leave the ___ upon the table? You wanted to keys
90%
Why'd you leave the ___ upon the table? keys
90%
Why'd you leave the ___ upon the table? You wanted to keys
90%
Father, father, father, fatherFather, into your ___ I commend my spirit hands
89%
Father, into your ___ hands
89%
In your ___ forsaken me, oh heart
84%
Why have you forsaken me?In your ___ forsaken me eyes
83%
Here you go create another ___ , you wanted to fable
83%
Here you go create another ___ , you wanted to fable
83%
Hide the ___ to fade away the shake-up scars
74%
Hide the ___ to fade away the shake-up, you wanted to scars
74%
Hide the ___ to fade away the shake-up scars
74%
Hide the ___ to fade away the shake-up, you wanted to scars
74%
In your ___ forsaken me thoughts
72%
No matching quizzes found
Score Distribution
Percent of People with Each Score
Percentile by Number Answered
Your Score History
You have not taken this quiz since the last reset